Vyhláška MV SR o inšpekčných knihách

Vyhláška č. 322/01 Ministerstva vnútra Slovenskej republiky z 13. augusta 2001 o inšpekčných knihách. Čo je inšpekčná kniha, čo obsahuje, kto ju autorizuje, kde má byť uložená.

Gespeichert in:
Bibliographische Detailangaben
Format: Buchkapitel
Sprache:Slowakisch
Schlagworte:
Tags: Tag hinzufügen
Keine Tags, Fügen Sie das erste Tag hinzu!

MARC

LEADER 00000naa a2200000 4500
001 r043372
005 20230927104244.7
041 0 |a slo 
044 |a SK 
245 1 0 |a Vyhláška MV SR o inšpekčných knihách 
520 |a Vyhláška č. 322/01 Ministerstva vnútra Slovenskej republiky z 13. augusta 2001 o inšpekčných knihách. Čo je inšpekčná kniha, čo obsahuje, kto ju autorizuje, kde má byť uložená. 
610 2 0 |a kontrola 
610 2 0 |a podnikatelia 
610 2 0 |a živnostníci 
610 2 0 |a vyhlášky 
610 2 0 |a Slovensko